| 000 | 00873nam a22002057a 4500 | ||
|---|---|---|---|
| 999 |
_c61269 _d61269 |
||
| 005 | 20240123110657.0 | ||
| 008 | 240123s2021 enk||||| |||| 00| 0 eng d | ||
| 020 | _a9781801078313x | ||
| 041 | _aeng | ||
| 080 | _a004.338.2 K-81 | ||
| 100 |
_aKrause, Jordan _921090 |
||
| 245 |
_aMastering Windows Server 2019 : _bThe complete guide for system administrators to install, manage, and deploy new capabilities with Windows Server 2019 / _cJordan Krause. |
||
| 250 | _aThird edition | ||
| 264 |
_aBirmingham : _bPackt Publishing, _c2021. |
||
| 300 |
_a662 p. : _bill.; _c24 cm. |
||
| 653 | _aWindows სერვერი | ||
| 653 | _aსისტემის ადმინისტრატორებისთვის Windows Server 2019-ით | ||
| 653 | _aკომპიუტერული ტექნოლოგიები | ||
| 942 |
_2udc _cᲬᲘᲒᲜᲘ |
||